00759nam a22002177a 45000010005000000030009000050050017000140080041000310200015000720400028000870820018001152450114001332500012002472600055002593000046003145040041003606500035004016500053004367000023004897000029005121699BD-DhUAP20200122154612.0200122s1996 ii a b 000 0 eng  a0135044405 aDLCcDLCdBD-DhUAPbEng00223a174.4 ETH00aEthical issues in business :ba philosophical approach /cedited by Thomas Donaldson and Patricia H. Werhane. a5th ed. aUpper Saddle River, N.J. :bPrentice Hall,cc1996. axii, 516 pages :billustrations ;c23 cm. aIncludes bibliographical references. 0aBusiness ethicsxCase studies. 0aSocial responsibility of businessxCase studies.1 aDonaldson, Thomas.1 aWerhane, Patricia Hogue.